Business Environment (Record no. 343870)
[ view plain ]
| 000 -LEADER | |
|---|---|
| fixed length control field | 00333 a2200145 4500 |
| 020 ## - INTERNATIONAL STANDARD BOOK NUMBER | |
| International Standard Book Number | 8174460985 |
| 082 ## - DEWEY DECIMAL CLASSIFICATION NUMBER | |
| Classification number | 301.51 |
| 090 ## - LOCALLY ASSIGNED LC-TYPE CALL NUMBER (OCLC); LOCAL CALL NUMBER (RLIN) | |
| -- | 1348 |
| -- | 1348 |
| 100 ## - MAIN ENTRY--PERSONAL NAME | |
| Personal name | Diwan, Parag |
| 245 ## - TITLE STATEMENT | |
| Title | Business Environment |
| 260 ## - PUBLICATION, DISTRIBUTION, ETC. | |
| Place of publication, distribution, etc. | New Delhi |
| Name of publisher, distributor, etc. | Apex Graphics |
| Date of publication, distribution, etc. | 1997 |
| 300 ## - PHYSICAL DESCRIPTION | |
| Extent | 269 p. |
| 500 ## - GENERAL NOTE | |
| General note | Papercover |
| 942 ## - ADDED ENTRY ELEMENTS (KOHA) | |
| Institution code [OBSOLETE] | NBS |
| Koha item type | Book |
| Call number prefix | 301.51 DIW |
| Withdrawn status | Lost status | Damaged status | Not for loan | Permanent Location | Current Location | Date acquired | Total Checkouts | Full call number | Barcode | Date last seen | Date last checked out | Price effective from | Koha item type | Source of classification or shelving scheme |
|---|---|---|---|---|---|---|---|---|---|---|---|---|---|---|
| Central Library (CL) | Central Library (CL) | 08/28/2013 | 1 | 301.51 DIW | NBS2157 | 11/22/2017 | 07/20/2017 | 08/28/2013 | Book | |||||
| Central Library (CL) | Central Library (CL) | 08/28/2013 | 1 | 301.51 DIW | NBS1930 | 11/22/2017 | 08/02/2017 | 08/28/2013 | Book | |||||
| Central Library (CL) | Central Library (CL) | 08/28/2013 | 1 | 301.51 DIW | NBS1929 | 11/22/2017 | 08/02/2017 | 08/28/2013 | Book | |||||
| Central Library (CL) | Central Library (CL) | 09/22/2025 | 301.51 DIW | NBS1931 | 09/22/2025 | 09/22/2025 | Book |
